|
|
|
|
| LEADER |
00898nab#a2200325#ar4500 |
| 001 |
000108035 |
| 003 |
SVKKK |
| 005 |
20120507104310.0 |
| 008 |
100818c2011 xo |||||||||||||||b|slo |
| FMT |
|
|
|
| 015 |
|
|
|a SNBRB2012/05
|
| 038 |
|
|
|a SVKKK
|
| 040 |
|
|
|a SVKKK
|b slo
|e AACR2
|
| 041 |
0 |
|
|a slo
|
| 044 |
|
|
|a xo
|c SK
|
| 080 |
|
|
|a 504.06
|x (437.6)
|2 1997
|
| 245 |
1 |
0 |
|a Tri roky sa žiadny predaj neuskutočnil
|b spoločnosť Carbon Redux víťazom tendra na poradcu pri predaji emisií
|c [autor] (rab, do)
|
| 300 |
|
|
|b Fotogr.
|
| 610 |
2 |
4 |
|a Carbon Redux (Praha, Česko)
|
| 650 |
0 |
4 |
|a životné prostredie
|x predaj emisií
|x poradenstvo
|
| 651 |
|
4 |
|a Slovensko
|
| 773 |
0 |
|
|t 21. storočie
|g Roč. 14, č. 3 (2011), s. 6
|x 1335-874X
|
| 958 |
|
|
|a SK
|
| 974 |
|
|
|a Fav
|
| 992 |
|
|
|a RBX
|
| BAS |
|
|
|
| 856 |
4 |
1 |
|u http://www.envira.sk/3_2011/6.pdf
|
| 852 |
|
|
|a SVKKK
|b BIB
|
| EXP |
|
|
|
| 998 |
|
|
|a GEO
|